al-Shāʼiʻāt wa-kayfa nuwājihuhā, (Record no. 47587)
[ view plain ]
| 000 -LEADER | |
|---|---|
| fixed length control field | 00668cam a22002291 4500 |
| 001 - CONTROL NUMBER | |
| control field | ne 64002934 |
| 003 - CONTROL NUMBER IDENTIFIER | |
| control field | DLC |
| 005 - DATE AND TIME OF LATEST TRANSACTION | |
| control field | 20260227111807.0 |
| 008 - FIXED-LENGTH DATA ELEMENTS--GENERAL INFORMATION | |
| fixed length control field | 900605s1964 ua 000 0 arar |
| 010 ## - LIBRARY OF CONGRESS CONTROL NUMBER | |
| LC control number | ne 64002934 |
| 025 ## - OVERSEAS ACQUISITION NUMBER | |
| Overseas acquisition number | PL480:UAR-5040 |
| 035 ## - SYSTEM CONTROL NUMBER | |
| System control number | (OCoLC)21710397 |
| 040 ## - CATALOGING SOURCE | |
| Original cataloging agency | DLC |
| Transcribing agency | WaU |
| Modifying agency | DLC |
| 042 ## - AUTHENTICATION CODE | |
| Authentication code | premarc |
| 050 00 - LIBRARY OF CONGRESS CALL NUMBER | |
| Classification number | HM291 |
| Item number | .I8 |
| 100 1# - MAIN ENTRY--PERSONAL NAME | |
| Personal name | ʻĪsá, Muḥammad Ṭalʻat. |
| 245 13 - TITLE STATEMENT | |
| Title | al-Shāʼiʻāt wa-kayfa nuwājihuhā, |
| Statement of responsibility, etc. | bi-qalam Muḥammad Ṭalʻat ʻĪsā. |
| 260 ## - PUBLICATION, DISTRIBUTION, ETC. | |
| Place of publication, distribution, etc. | [al-Qāhirah, |
| Name of publisher, distributor, etc. | Maktabat al-Qāhirah al-Ḥadīthah, |
| Date of publication, distribution, etc. | 1964] |
| 300 ## - PHYSICAL DESCRIPTION | |
| Extent | 171 p. |
| Dimensions | 24 cm. |
| 490 0# - SERIES STATEMENT | |
| Series statement | Muwāṭan al-Ishtirākī, |
| Volume/sequential designation | 1 |
| 650 #0 - SUBJECT ADDED ENTRY--TOPICAL TERM | |
| Topical term or geographic name entry element | Rumor. |
No items available.